<?xml version="1.0" encoding="UTF-8"?>
<record
    xmlns:xsi="http://www.w3.org/2001/XMLSchema-instance"
    xsi:schemaLocation="http://www.loc.gov/MARC21/slim http://www.loc.gov/standards/marcxml/schema/MARC21slim.xsd"
    xmlns="http://www.loc.gov/MARC21/slim">

  <leader>01078na  a2200289   4500</leader>
  <controlfield tag="001">20495</controlfield>
  <controlfield tag="003">MIRAKIL</controlfield>
  <controlfield tag="005">20181213155125.0</controlfield>
  <controlfield tag="008">170123b        tu            000 0      </controlfield>
  <datafield tag="020" ind1=" " ind2=" ">
    <subfield code="a">9789759839987</subfield>
  </datafield>
  <datafield tag="040" ind1=" " ind2=" ">
    <subfield code="a">Milas</subfield>
    <subfield code="b">tur</subfield>
    <subfield code="c">TR-AnCHP</subfield>
  </datafield>
  <datafield tag="041" ind1=" " ind2=" ">
    <subfield code="a">tur</subfield>
  </datafield>
  <datafield tag="082" ind1=" " ind2=" ">
    <subfield code="a">338.9</subfield>
    <subfield code="b">K96&#xFC; 2009</subfield>
  </datafield>
  <datafield tag="090" ind1=" " ind2=" ">
    <subfield code="a">338.9 K96&#xFC; 2009</subfield>
  </datafield>
  <datafield tag="100" ind1=" " ind2=" ">
    <subfield code="a">Kiper, Mahmut</subfield>
  </datafield>
  <datafield tag="245" ind1=" " ind2=" ">
    <subfield code="a">&#xDC;retim ekonomisi i&#xE7;in sanayi ve teknoloji politikalar&#x131;</subfield>
    <subfield code="c">Mahmut Kiper</subfield>
  </datafield>
  <datafield tag="246" ind1=" " ind2=" ">
    <subfield code="a">D&#xFC;nyadaki de&#x11F;i&#x15F;imler kar&#x15F;&#x131;s&#x131;nda ulusal sanayi ve teknoloji politikalar&#x131; i&#xE7;in tespitler ve &#xF6;neriler</subfield>
  </datafield>
  <datafield tag="260" ind1=" " ind2=" ">
    <subfield code="a">&#x130;stanbul</subfield>
    <subfield code="b">US&#x130;AD</subfield>
    <subfield code="c">2009</subfield>
    <subfield code="f">Teknik Haz&#x131;rl&#x131;k ve Bas&#x131;m D&#xFC;nya yay&#x131;nc&#x131;l&#x131;k A.&#x15E;.</subfield>
  </datafield>
  <datafield tag="300" ind1=" " ind2=" ">
    <subfield code="a">243 s.</subfield>
    <subfield code="b">grf.</subfield>
    <subfield code="c">20 sm.</subfield>
  </datafield>
  <datafield tag="504" ind1=" " ind2=" ">
    <subfield code="a">Kaynak&#xE7;a var.</subfield>
  </datafield>
  <datafield tag="650" ind1=" " ind2=" ">
    <subfield code="a">Teknoloji</subfield>
    <subfield code="x">Ekonomik a&#xE7;&#x131;</subfield>
  </datafield>
  <datafield tag="650" ind1=" " ind2=" ">
    <subfield code="a">Sanayi </subfield>
    <subfield code="x">Ekonomik a&#xE7;&#x131;</subfield>
  </datafield>
  <datafield tag="650" ind1=" " ind2=" ">
    <subfield code="a">&#xDC;retim Ekonomisi</subfield>
    <subfield code="x">Politikalar</subfield>
  </datafield>
  <datafield tag="700" ind1=" " ind2=" ">
    <subfield code="a">Ulusal Sanayici ve &#x130;&#x15F;adamlar&#x131; Derne&#x11F;i (US&#x130;AD)</subfield>
  </datafield>
  <datafield tag="740" ind1=" " ind2=" ">
    <subfield code="a">D&#xFC;nyadaki de&#x11F;i&#x15F;imler kar&#x15F;&#x131;s&#x131;nda ulusal sanayi ve teknoloji politikalar&#x131; i&#xE7;in tespitler ve &#xF6;neriler</subfield>
  </datafield>
  <datafield tag="942" ind1=" " ind2=" ">
    <subfield code="2">ddc</subfield>
    <subfield code="c">BKS</subfield>
  </datafield>
  <datafield tag="952" ind1=" " ind2=" ">
    <subfield code="a">0001</subfield>
    <subfield code="b">0001</subfield>
    <subfield code="d">2017-01-23</subfield>
    <subfield code="e">2</subfield>
    <subfield code="l">0</subfield>
    <subfield code="o">338.9 K96&#xFC; 2009</subfield>
    <subfield code="p">012052</subfield>
    <subfield code="r">2017-01-23 00:00:00</subfield>
    <subfield code="v">0.00</subfield>
    <subfield code="w">2017-01-23</subfield>
    <subfield code="y">BKS</subfield>
  </datafield>
  <datafield tag="999" ind1=" " ind2=" ">
    <subfield code="c">6985</subfield>
    <subfield code="d">6985</subfield>
  </datafield>
</record>
